[Event "Liga Insular Gran Canaria Preferente"]
[Site "Las Palmas"]
[Date "2019.05.25"]
[Round "8.2"]
[White "Marrero Lopez, Agustin"]
[Black "Melo Cardenes, Miguel Angel"]
[Result "1-0"]
[WhiteElo "1797"]
[BlackElo "1269"]
[PlyCount "105"]
[EventDate "2019.03.02"]
[EventType "team-tourn"]
[EventRounds "9"]
[EventCountry "ESP"]
[SourceTitle "EXT 2021"]
[Source "ChessBase"]
[SourceDate "2020.10.23"]
[SourceVersion "1"]
[SourceVersionDate "2020.10.23"]
[SourceQuality "1"]
[WhiteTeam "Maspalomas"]
[BlackTeam "Mogan"]
[WhiteTeamCountry "ESP"]
[BlackTeamCountry "ESP"]

1. d4 d5 2. Nf3 Nf6 3. c4 c6 4. Nc3 e6 5. Bg5 Nbd7 6. e3 Be7 7. Rc1 0-0 8. Bd3 Nb6 9. c5 Nbd7 10. 0-0 b6 11. cxb6 axb6 12. Bb1 c5 13. Re1 c4 14. a3 Nb8 15. Ne5 Ba6 16. Qc2 g6 17. Qe2 Nfd7 18. Bh6 Re8 19. Bf4 Nxe5 20. Bxe5 Nd7 21. Bg3 Bh4 22. Qg4 Bxg3 23. hxg3 e5 24. Nxd5 Bc8 25. Qf3 Rb8 26. Rxc4 Bb7 27. e4 Re6 28. Rd1 Nf6 29. dxe5 Nxd5 30. exd5 Rxe5 31. Rcd4 Qd6 32. Ba2 Rd8 33. Qc3 Rc8 34. Rc4 Rce8 35. Rcd4 Re2 36. Rf4 R2e5 37. Qb4 Qxb4 38. Rxb4 Re1+ 39. Rxe1 Rxe1+ 40. Kh2 Re5 41. Rxb6 Bxd5 42. Bxd5 Rxd5 43. g4 Kf8 44. b4 Ke7 45. a4 h5 46. gxh5 Rxh5+ 47. Kg1 g5 48. a5 Kd8 49. Rb7 f5 50. a6 Kc8 51. b5 Rh6 52. Rf7 f4 53. a7 1-0

[Event "Liga Insular Gran Canaria Preferente"]
[Site "Las Palmas"]
[Date "2019.05.18"]
[Round "7.4"]
[White "Melo Cardenes, Miguel Angel"]
[Black "Perez Guerra, Raul"]
[Result "0-1"]
[WhiteElo "1269"]
[BlackElo "2093"]
[PlyCount "74"]
[EventDate "2019.03.02"]
[EventType "team-tourn"]
[EventRounds "9"]
[EventCountry "ESP"]
[SourceTitle "EXT 2021"]
[Source "ChessBase"]
[SourceDate "2020.10.23"]
[SourceVersion "1"]
[SourceVersionDate "2020.10.23"]
[SourceQuality "1"]
[WhiteTeam "Mogan"]
[BlackTeam "Guia Univac"]
[WhiteTeamCountry "ESP"]
[BlackTeamCountry "ESP"]

1. c4 e5 2. Nc3 Nc6 3. Nf3 g6 4. g3 Bg7 5. Bg2 d6 6. b3 e4 7. Ng1 f5 8. Bb2 Nf6 9. Rb1 0-0 10. e3 Ne5 11. Kf1 Nd3 12. Ba1 Ng4 13. Nh3 g5 14. f3 exf3 15. Qxf3 Nge5 16. Qe2 f4 17. Nxf4 gxf4 18. exf4 Nb4 19. d4 Ng6 20. Qd2 Nc6 21. Ne2 Nce7 22. Kf2 c6 23. Rhf1 Bf5 24. Rbe1 Qd7 25. Ng1 Kh8 26. Re3 Ng8 27. Rfe1 Nf6 28. h3 Rae8 29. Bc3 Rxe3 30. Rxe3 d5 31. Kf1 Ne4 32. Qc1 Nxc3 33. Qxc3 dxc4 34. Re1 Bd3+ 35. Ne2 Nxf4 36. Qd2 Nxe2+ 37. Bf3 Qxh3+ 0-1

[Event "Las Palmas op 34th"]
[Site "Las Palmas"]
[Date "2013.12.03"]
[Round "2"]
[White "Suarez Ramirez, Jonay"]
[Black "Melo Cardenes, Miguel Angel"]
[Result "1-0"]
[WhiteElo "1607"]
[BlackElo "1285"]
[PlyCount "91"]
[EventDate "2013.12.02"]
[EventType "swiss"]
[EventRounds "9"]
[EventCountry "ESP"]
[SourceTitle "CBM 157 Extra"]
[Source "ChessBase"]
[SourceDate "2013.12.19"]
[SourceVersion "1"]
[SourceVersionDate "2013.12.19"]
[SourceQuality "1"]

1. c4 e6 2. d4 Nf6 3. Nc3 Be7 4. Nf3 d6 5. e4 Nbd7 6. Bd3 e5 7. dxe5 Nxe5 8. Nxe5 dxe5 9. Nd5 Nxd5 10. cxd5 c6 11. dxc6 bxc6 12. 0-0 0-0 13. Be3 Bb7 14. Qe2 Qc7 15. Rac1 a5 16. Rfd1 Qc8 17. Qf3 Ba6 18. Bxa6 Qxa6 19. Qg3 Bf6 20. Rd6 Be7 21. Rdxc6 Qb5 22. Bh6 g6 23. Bxf8 Bxf8 24. Qc3 Kg7 25. Rc7 Rd8 26. Qc4 Qe8 27. Qc6 Qxc6 28. R7xc6 Rd2 29. R6c2 Rd4 30. Re2 Bb4 31. h3 Bd6 32. Rc6 f5 33. exf5 gxf5 34. g3 Kf6 35. Kg2 h5 36. h4 f4 37. gxf4 exf4 38. Kf3 Kf5 39. Re8 Rd3+ 40. Ke2 Rd4 41. f3 Bb4 42. a3 Rd2+ 43. Kf1 Bd6 44. Rd8 Ke5 45. Rc5+ Kd4 46. Rxd6+ 1-0